000 00544nam a2200217 a 4500
001 0001-2159
003 ELIB.Books
008 190725 2010 eng
020 _a0281042926
092 _a230.082
_bDow
100 _aDowell, Susan.
245 _aDispossessed Daughters of Eve
260 _aLondon
_bSPCK
_c1987
300 _a148
_c21.5cm
650 _aFeminist Theology
856 _nKBTS Library
_uKBTS Elib
942 _2ddc
_cBK
990 _a1
998 _aEnglishbooks.elf
_ccat
_e2019-07-25
999 _c12159
_d12159